Kuiemuxa : (Record no. 106712)
[ view plain ]
| 000 -CABECERA | |
|---|---|
| campo de control de longitud fija | 01187nam a2200373 a 4500 |
| 001 - NÚMERO DE CONTROL | |
| campo de control | 000110250 |
| 003 - IDENTIFICADOR DEL NÚMERO DE CONTROL | |
| campo de control | CHAP |
| 005 - FECHA Y HORA DE LA ÚLTIMA TRANSACCIÓN | |
| campo de control | 20220329144124.0 |
| 008 - DATOS DE LONGITUD FIJA--INFORMACIÓN GENERAL | |
| campo de control de longitud fija | 140806s2012 mx a |r| |||0|||spa d |
| 010 ## - NÚMERO DE CONTROL DE LA BIBLIOTECA DEL CONGRESO | |
| Número de control de LC | 106712 |
| 011 ## - ENLACE DEL NUMERO DE CONTROL DE LA BIBLIOTECA DEL CONGRESO [OBSOLETO] | |
| Número de control de LC | 107684 |
| 020 ## - NÚMERO INTERNACIONAL ESTÁNDAR DEL LIBRO | |
| Número Internacional Estándar del Libro | 9786074259865 |
| 040 ## - FUENTE DE LA CATALOGACIÓN | |
| Centro/agencia transcriptor | CHAP |
| 082 04 - NÚMERO DE LA CLASIFICACIÓN DECIMAL DEWEY | |
| Número de clasificación | 583.1704160972 |
| Número de documento/Ítem | K95 |
| 245 00 - MENCIÓN DE TÍTULO | |
| Título | Kuiemuxa : |
| Resto del título | algodón nativo de México / |
| Mención de responsabilidad, etc. | por Claudia Pérez Mendoza ...[et al.]. |
| 246 1# - FORMA VARIANTE DE TÍTULO | |
| Título propio/Titulo breve | Kuiemuxa: Yeutánaka mekiku muti y+y+ ra |
| 260 ## - PUBLICACIÓN, DISTRIBUCIÓN, ETC. | |
| Lugar de publicación, distribución, etc. | México D.F. : |
| Nombre del editor, distribuidor, etc. | INIFAP, |
| Fecha de publicación, distribución, etc. | 2012. |
| 300 ## - DESCRIPCIÓN FÍSICA | |
| Extensión | [72] p. : |
| Otras características físicas | il. |
| 500 ## - NOTA GENERAL | |
| Nota general | edición bilingüe español - huichol (wixárika) |
| 504 ## - NOTA DE BIBLIOGRAFÍA, ETC. | |
| Nota de bibliografía, etc. | Incluye bibliografía |
| 590 ## - NOTA LOCAL (RLIN) | |
| Nota local | E11695DGD |
| Procedencia (VM) [OBSOLETO] | 10 |
| Condición del los carretes individuales (VM) [OBSOLETO] | 20140811 |
| -- | UCH01 |
| -- | 1444 |
| 590 ## - NOTA LOCAL (RLIN) | |
| Nota local | E11695DGD |
| Procedencia (VM) [OBSOLETO] | 10 |
| Condición del los carretes individuales (VM) [OBSOLETO] | 20140811 |
| -- | UCH01 |
| -- | 1445 |
| 590 ## - NOTA LOCAL (RLIN) | |
| Nota local | E11695DGD |
| Procedencia (VM) [OBSOLETO] | 10 |
| Condición del los carretes individuales (VM) [OBSOLETO] | 20140811 |
| -- | UCH01 |
| -- | 1447 |
| 590 ## - NOTA LOCAL (RLIN) | |
| Nota local | E5652GLJ |
| Procedencia (VM) [OBSOLETO] | 05 |
| Condición del los carretes individuales (VM) [OBSOLETO] | 20140806 |
| -- | UCH01 |
| -- | 1055 |
| 590 ## - NOTA LOCAL (RLIN) | |
| Nota local | E5652GLJ |
| Procedencia (VM) [OBSOLETO] | 05 |
| Condición del los carretes individuales (VM) [OBSOLETO] | 20140806 |
| -- | UCH01 |
| -- | 1058 |
| 650 14 - PUNTO DE ACCESO ADICIONAL DE MATERIA--TÉRMINO DE MATERIA | |
| Término de materia o nombre geográfico como elemento de entrada | Algodón |
| Subdivisión general | Historia. |
| 9 (RLIN) | 4021 |
| 650 14 - PUNTO DE ACCESO ADICIONAL DE MATERIA--TÉRMINO DE MATERIA | |
| Término de materia o nombre geográfico como elemento de entrada | Algodón |
| Subdivisión general | Propagación |
| 9 (RLIN) | 4050 |
| 650 14 - PUNTO DE ACCESO ADICIONAL DE MATERIA--TÉRMINO DE MATERIA | |
| Término de materia o nombre geográfico como elemento de entrada | Algodón |
| Subdivisión general | Subproductos |
| 9 (RLIN) | 4061 |
| 650 14 - PUNTO DE ACCESO ADICIONAL DE MATERIA--TÉRMINO DE MATERIA | |
| Término de materia o nombre geográfico como elemento de entrada | Algodón |
| Subdivisión general | Usos |
| 9 (RLIN) | 4067 |
| 700 1# - PUNTO DE ACCESO ADICIONAL--NOMBRE DE PERSONA | |
| Nombre de persona | Pérez Mendoza, Claudia |
| 9 (RLIN) | 127707 |
| 901 ## - ELEMENTOS DE DATOS A LOCAL LDA (RLIN) | |
| a | BK |
| 942 ## - ELEMENTOS DE PUNTO DE ACCESO ADICIONAL (KOHA) | |
| Tipo de ítem Koha | Libro |
| 942 ## - ELEMENTOS DE PUNTO DE ACCESO ADICIONAL (KOHA) | |
| Suprimir en OPAC | 0 |
| Estado de retiro | Estado de pérdida | Fuente del sistema de clasificación o colocación | Estado dañado | Restricciones de uso | No para préstamo | Código de colección | Localización permanente | Ubicación/localización actual | Ubicación en estantería | Fecha de adquisición | Información codificada de la localización en otra ubicación | Total de préstamos | Signatura topográfica completa | Código de barras | Fecha visto por última vez | Precio válido a partir de | Tipo de ítem Koha | Número de copia |
|---|---|---|---|---|---|---|---|---|---|---|---|---|---|---|---|---|---|---|
| Dewey Decimal Classification | Préstamo 15 días | General | Biblioteca Central | Biblioteca Central | Planta alta - Colección General | 06/08/2014 | LIBRO | 583.1704160972 K95 | 33724002416017 | 31/12/2019 | 31/12/2019 | Libro | ||||||
| Dewey Decimal Classification | Préstamo 15 días | General | Biblioteca Central | Biblioteca Central | Planta alta - Colección General | 06/08/2014 | LIBRO | 583.1704160972 K95 | 33724002416058 | 31/12/2019 | 31/12/2019 | Libro | c.2 |
